Countries Closest to Brazil - One Minute Sprint - Statistics

General Stats
  • This quiz has been taken 238 times
    185 since last reset
  • The average score is 15 of 20
Answer Stats
km Country miles % Correct
0 Argentina 0
97%
713 Chile 443
96%
0 Uruguay 0
96%
0 Bolivia 0
95%
0 Colombia 0
95%
0 Peru 0
95%
0 Suriname 0
95%
0 Paraguay 0
94%
0 Guyana 0
93%
0 Venezuela 0
93%
489 Ecuador 304
90%
1067 Panama 663
89%
542 Trinidad and Tobago 337
73%
0 France (Fr Guiana) 0
66%
762 Grenada 474
54%
948 St Lucia 589
51%
826 St Vincent and the Grenadines 513
49%
868 Barbados 540
48%
1117 Dominica 694
37%
943 Netherlands (Bonaire) 586
14%
No matching quizzes found
Score Distribution
Percent of People with Each Score
Percentile by Number Answered
Your Score History
You have not taken this quiz since the last reset